Change by design: how design thinking transforms organizations and inspires innovation
保存先:
| 第一著者: | |
|---|---|
| フォーマット: | 図書 |
| 言語: | 英語 |
| 出版事項: |
Nueva York
Harper Business
2009
|
| 版: | 1a. ed |
| 主題: | |
| タグ: |
タグ追加
タグなし, このレコードへの初めてのタグを付けませんか!
|
MARC
| LEADER | 00000cam a2200000 a 4500 | ||
|---|---|---|---|
| 001 | UCE9100 | ||
| 003 | CL-VaPUC | ||
| 008 | 150928e20090000us |||||||||||||||||eng|d | ||
| 020 | |a 9780061766084 | ||
| 082 | 0 | 4 | |a 658.4063 |b BRO |2 21 |
| 100 | 0 | |a Brown, Tim |e author |9 581815 | |
| 245 | 1 | 0 | |a Change by design: how design thinking transforms organizations and inspires innovation |
| 250 | |a 1a. ed | ||
| 300 | |a 264 p | ||
| 942 | |c BK | ||
| 945 | |d 20150928 14:02:00 |a gsalatino | ||
| 260 | |a Nueva York |b Harper Business |c 2009 | ||
| 650 | 0 | |a Diseño industrial |9 262726 | |
| 650 | 0 | |a Cambio organizacional |9 260741 | |
| 583 | |a last modification |c 20150928 14:02:00 |k Rodrigo Vera | ||
| 999 | |c 360807 |d 360805 | ||
| 952 | |0 0 |1 0 |3 erd |4 0 |6 658_406300000000000_BRO_2009 |7 0 |8 A |9 470775 |a BIBING |b BIBING |i 5199492 |l 1 |o 658.4063 BRO 2009 |p 5199492 |r 2025-01-20 |s 2020-07-27 |w 2019-11-23 |y BK |z Catalogado en:20150928 |k EII | ||